00535 2200193 4500001002100000008004100021035002000062245005200082100003300134250001000167260005200177300002700229020002200256084001400278082000800292650001700300990001200317990001200329INLIS000000000015038 ind  a0010-1222000117 aUlang Tahun FikricIrukawa Elisa, Mutaroh A'mal aIRUKAWA, Elisa;MUTAROH,A'mal acet.2 aManjada Cipta Mandiri PublisherbBekasi :c2022 a30 hlmc20 cm x 24 cm. a978-623-93489-6-0 a741 IRU u a741 aGAMBAR.KOMIK a10246 a a10246 b